000 00365pab a2200145 454500
008 180718b1985 xxu||||| |||| 00| 0 eng d
100 _aFryer, Michael O.
245 _aRisk assessment of computer controlled systems
260 _c1985
300 _a125-9
362 _aJan.
650 _aComputers
773 _aTransaction on Software Engineering
909 _a6319
999 _c6319
_d6319